000 00306 a2200133 4500
001 125945
040 _cEscola Canadense de Niteroi
245 1 0 _aNational Geographic: memory why we remember, why we forget
260 _aUSA
362 0 _a2007
650 4 _aMagazines
650 4 _aMemories
942 _cCR
999 _c125945
_d125945